| 000 | 00870nam a2200241 a 4500 | ||
|---|---|---|---|
| 001 | 000007354 | ||
| 005 | 20200929154136.0 | ||
| 008 | 090908s1982 dr a 001 0 spa d | ||
| 040 | _aDO-SdBNP | ||
| 082 |
_a617.632 _bT233e |
||
| 100 | 1 |
_aTaveras, H. Darío, _d1943- _920456 |
|
| 245 | 1 | 0 |
_aEnfermedad periodontal / _cHéctor Darío Taveras. |
| 260 |
_aSanto Domingo : _bUniversidad Autonóma de Santo Domingo, _c1982. |
||
| 300 |
_a229 p. : _bil. ; _c21 cm. |
||
| 490 | 1 |
_aUniversidad Autonóma de Santo Domingo _vv. 319 |
|
| 490 | 1 |
_aCiencia y tecnología _vno. 17 |
|
| 500 | _aIncluye 2 anexos | ||
| 504 | _aIncluye referencias bibliográficas (p. 225-229) | ||
| 650 | 4 |
_aEnfermedades periodontal _zRepública Dominicana _920457 |
|
| 830 | 0 |
_aUniversidad Autonóma de Santo Domingo _vv. 319 _917164 |
|
| 830 | 0 |
_aCiencia y tecnología _vno.17 _917780 |
|
| 049 | _aBNPD | ||
| 999 |
_c7135 _d7135 |
||